Statistics for Locations of Conferences and Treaties

Click here to take the quiz!

General Stats

  • This quiz has been taken 24 times
  • The average score is 9 of 20

Answer Stats

ReasonSignedLocation% Correct
International treaty on climate change2015Paris
100%
Agreement on collective defense between countries of the Eastern Bloc1955Warsaw
75%
Declaration of peace after World War I
1919Versailles
70%
Organization of the Holocaust1942Wannsee
55%
Foundation of sovereign Bosnia and Herzegovina1995Dayton
50%
Definition of refugees and the terms for granting asylum1951Geneva
50%
Meeting of the Big Three to discuss postwar order1945Potsdam
50%
Reconstitution of European political order following Napoleon's downfall1815Vienna
50%
Postwar reorganization of Germany1945Yalta
50%
Creation of the European Economic Community1957Rome
45%
Division of America between Portugal and Spain1494Tordesillas
45%
Negotiation between Israel and Palestine resulting in bilateral recognition1993Oslo
40%
Partitioning of Poland and agreement on non-aggression1939Moscow
35%
Foundation of the European Union1992Maastricht
30%
Amendment of treaties concerning the European Union2007Lisbon
25%
Re-establishment of peaceful relations between Japan and the U.S.1951San Francisco
25%
Rental agreement for the Canal Zone between Panama and the U.S.1903Washington, D.C.
20%
Peace agreement after the Thirty Years War1648Osnabrück | Münster
15%
Acceptance of Philip V's succession to the Spanish throne1715Utrecht
15%
Declaration of laws of war upon the advice of Tsar Nicholas II1899The Hague
5%

Score Distribution

Percentile by Number Answered

Percent of People with Each Score

Your Score History

You have not taken this quiz